Diagnóstico y manejo de enfermedades de cebolla : guía de campo para productores y profesionales /

Guardado en:
Autor Principal: Delhey, Rolf.
Otros Autores: Kiehr, Mirta E., Frayssinet, Silvia R., Azpilicueta, Andrea.
Formato: Libro
Idioma:Spanish
Publicado: Bahía Blanca : el autor, 2015.
Edición:1a ed.
Materias:
Etiquetas: Agregar Etiqueta
Sin Etiquetas, Sea el primero en etiquetar este registro!
LEADER 00862nam a22002415a 4500
001 EEA.libagro010747
005 20181010093800.0
008 160926s2015####ag############000#0#spa#d
020 |a 9789873388279 
082 0 4 |a 635.259 
100 1 |a Delhey, Rolf. 
245 1 0 |a Diagnóstico y manejo de enfermedades de cebolla :  |b guía de campo para productores y profesionales /  |c Rolf Delhey ... [et al.]. 
250 |a 1a ed. 
260 |a Bahía Blanca :  |b el autor,  |c 2015. 
300 |a 76 p. :  |b fot. col. ;  |c 21 cm. 
650 7 |a Allium cepa  |2 agrovoc 
650 7 |a Enfermedades de las plantas  |2 agrovoc 
650 7 |a Fitopatología  |2 agrovoc 
700 1 |a Kiehr, Mirta E. 
700 1 |a Frayssinet, Silvia R. 
700 1 |a Azpilicueta, Andrea. 
859 |a AR-BbBCA  |b BIB. AGRONOMIA  |h 635.259  |i D348  |p 2016/6710 
859 |a AR-BbBCA  |b BIB. AGRONOMIA  |h 635.259  |i D348  |p 2016/6711  |t Ej.2